[Event "euyr2018"]
[Site "?"]
[Date "2018.05.27"]
[Round "8.21"]
[White "Sosovickova, Jana"]
[Black "Saraev, Yaroslav"]
[Result "0-1"]
[BlackElo "1666"]
[WhiteElo "1515"]
[LiveChessVersion "1.4.8"]

1. d4 {[%clk 0:20:18]} d5 {[%clk 0:20:20]} 2. c4 {[%clk 0:20:27]} e6
{[%clk 0:20:29]} 3. e3 {[%clk 0:20:30]} Nf6 {[%clk 0:20:35]} 4. Nf3
{[%clk 0:20:37]} Be7 {[%clk 0:20:44]} 5. Nc3 {[%clk 0:20:41]} O-O
{[%clk 0:20:45]} 6. c5 {[%clk 0:20:15]} b6 {[%clk 0:20:52]} 7. b4
{[%clk 0:19:30]} a5 {[%clk 0:20:59]} 8. cxb6 {[%clk 0:18:33]} Bxb4
{[%clk 0:20:44]} 9. Bd2 {[%clk 0:18:05]} cxb6 {[%clk 0:20:49]} 10. Bb5
{[%clk 0:17:18]} Bd7 {[%clk 0:20:30]} 11. Qa4 {[%clk 0:16:38]} Qe8
{[%clk 0:19:55]} 12. Bxd7 {[%clk 0:15:52]} Qxd7 {[%clk 0:20:01]} 13. Qb3
{[%clk 0:15:41]} Nc6 {[%clk 0:19:03]} 14. O-O {[%clk 0:15:22]} Bxc3
{[%clk 0:18:00]} 15. Bxc3 {[%clk 0:15:08]} Rfb8 {[%clk 0:17:56]} 16. a4
{[%clk 0:14:40]} Ne4 {[%clk 0:17:47]} 17. Bb2 {[%clk 0:14:12]} Ra7
{[%clk 0:15:20]} 18. Ba3 {[%clk 0:13:15]} f6 {[%clk 0:14:45]} 19. Rfc1
{[%clk 0:12:30]} g5 {[%clk 0:13:36]} 20. Rc2 {[%clk 0:10:46]} Rab7
{[%clk 0:09:45]} 21. Qb5 {[%clk 0:09:08]} Na7 {[%clk 0:08:30]} 22. Qxd7
{[%clk 0:08:15]} Rxd7 {[%clk 0:08:39]} 23. Rb1 {[%clk 0:07:38]} Rc8
{[%clk 0:04:14]} 24. Rcb2 {[%clk 0:06:05]} Nc3 {[%clk 0:04:01]} 25. Ra1
{[%clk 0:05:10]} Nxa4 {[%clk 0:03:46]} 26. Rb3 {[%clk 0:04:10]} Rc3
{[%clk 0:03:36]} 27. Rab1 {[%clk 0:03:36]} Rxb3 {[%clk 0:03:38]} 28. Rxb3
{[%clk 0:03:39]} Rc7 {[%clk 0:03:26]} 29. Rb1 {[%clk 0:03:10]} b5
{[%clk 0:03:27]} 30. Bd6 {[%clk 0:02:52]} Rd7 {[%clk 0:03:05]} 31. Ba3
{[%clk 0:02:45]} b4 {[%clk 0:03:07]} 32. Bxb4 {[%clk 0:02:25]} axb4
{[%clk 0:03:08]} 33. Rxb4 {[%clk 0:02:34]} Nc3 {[%clk 0:03:04]} 34. h3
{[%clk 0:02:19]} Kf7 {[%clk 0:02:46]} 35. Nd2 {[%clk 0:02:04]} Nc6
{[%clk 0:02:24]} 36. Rb6 {[%clk 0:01:39]} Ne7 {[%clk 0:02:23]} 37. Nb3
{[%clk 0:01:40]} Nf5 {[%clk 0:01:33]} 38. Nc5 {[%clk 0:01:25]} Rd6
{[%clk 0:01:02]} 39. Rb7+ {[%clk 0:01:08]} Kg6 {[%clk 0:01:08]} 40. Rb3
{[%clk 0:01:14]} Ne4 {[%clk 0:01:09]} 41. Nxe4 {[%clk 0:01:14]} dxe4
{[%clk 0:01:18]} 42. Rb4 {[%clk 0:01:13]} Ne7 {[%clk 0:01:15]} 43. Kh2
{[%clk 0:01:07]} Nd5 {[%clk 0:01:24]} 44. Rb3 {[%clk 0:01:13]} h5
{[%clk 0:01:20]} 45. Kg3 {[%clk 0:01:11]} h4+ {[%clk 0:01:18]} 46. Kh2
{[%clk 0:01:20]} Rb6 {[%clk 0:01:13]} 47. Ra3 {[%clk 0:01:10]} Rb2
{[%clk 0:01:20]} 48. Kg1 {[%clk 0:01:19]} Rb1+ {[%clk 0:01:16]} 49. Kh2
{[%clk 0:01:27]} Rf1 {[%clk 0:01:25]} 50. Ra2 {[%clk 0:01:29]} Nc3
{[%clk 0:01:26]} 51. Ra6 {[%clk 0:01:26]} Rxf2 {[%clk 0:01:01]} 52. Rxe6
{[%clk 0:01:34]} Kf5 {[%clk 0:00:58]} 53. Rc6 {[%clk 0:01:23]} Nd1
{[%clk 0:00:48]} 54. Rc5+ {[%clk 0:01:24]} Ke6 {[%clk 0:00:54]} 55. Rc6+
{[%clk 0:01:30]} Kd7 {[%clk 0:00:59]} 56. Rc1 {[%clk 0:01:24]} Nxe3
{[%clk 0:01:07]} 57. Re1 {[%clk 0:01:32]} Rxg2+ {[%clk 0:01:09]} 58. Kh1
{[%clk 0:01:40]} Rg3 {[%clk 0:01:18]} 59. Re2 {[%clk 0:01:39]} Rxh3+
{[%clk 0:01:22]} 0-1

[Event "euyr2018"]
[Site "?"]
[Date "2018.05.27"]
[Round "8.22"]
[White "Korenova, Simona"]
[Black "Sulgan, Igor"]
[Result "1-0"]
[BlackElo "1122"]
[WhiteElo "1525"]
[LiveChessVersion "1.4.8"]

1. d4 {[%clk 0:20:17]} Nf6 {[%clk 0:20:19]} 2. c4 {[%clk 0:20:26]} g6
{[%clk 0:20:27]} 3. Nc3 {[%clk 0:20:33]} Bg7 {[%clk 0:20:36]} 4. g3
{[%clk 0:20:41]} O-O {[%clk 0:20:43]} 5. Bg2 {[%clk 0:20:50]} d6 {[%clk 0:20:51]}
6. Nf3 {[%clk 0:20:56]} Nbd7 {[%clk 0:20:54]} 7. O-O {[%clk 0:21:02]} e5
{[%clk 0:20:46]} 8. d5 {[%clk 0:20:33]} Ne8 {[%clk 0:20:45]} 9. e4
{[%clk 0:20:33]} h6 {[%clk 0:20:52]} 10. Be3 {[%clk 0:20:28]} f5 {[%clk 0:20:47]}
11. Qd2 {[%clk 0:19:51]} Kh7 {[%clk 0:20:49]} 12. Rac1 {[%clk 0:18:46]} Ndf6
{[%clk 0:20:21]} 13. Nh4 {[%clk 0:16:28]} Ng4 {[%clk 0:19:48]} 14. Qd3
{[%clk 0:13:43]} Nxe3 {[%clk 0:18:07]} 15. fxe3 {[%clk 0:13:38]} Qg5
{[%clk 0:12:04]} 16. Ne2 {[%clk 0:06:55]} Bd7 {[%clk 0:06:08]} 17. exf5
{[%clk 0:03:38]} gxf5 {[%clk 0:05:25]} 18. Nxf5 {[%clk 0:02:56]} Bxf5
{[%clk 0:05:11]} 19. Rxf5 {[%clk 0:03:05]} Rxf5 {[%clk 0:04:04]} 20. Be4
{[%clk 0:02:59]} Kg6 {[%clk 0:03:25]} 21. Rf1 {[%clk 0:03:00]} Bf6
{[%clk 0:02:20]} 22. Rxf5 {[%clk 0:02:46]} 1-0

[Event "euyr2018"]
[Site "?"]
[Date "2018.05.27"]
[Round "8.23"]
[White "Valko, Michal"]
[Black "Cedzo, Adam"]
[Result "1-0"]
[BlackElo "1487"]
[WhiteElo "1262"]
[LiveChessVersion "1.4.8"]

1. e4 {[%clk 0:20:18]} e5 {[%clk 0:20:19]} 2. Nf3 {[%clk 0:20:26]} Nc6
{[%clk 0:20:28]} 3. Bb5 {[%clk 0:20:33]} a6 {[%clk 0:20:36]} 4. Ba4
{[%clk 0:20:42]} Nf6 {[%clk 0:20:44]} 5. O-O {[%clk 0:20:49]} b5 {[%clk 0:20:51]}
6. Bb3 {[%clk 0:20:57]} Be7 {[%clk 0:20:33]} 7. Re1 {[%clk 0:21:02]} O-O
{[%clk 0:20:39]} 8. c3 {[%clk 0:21:11]} d5 {[%clk 0:20:30]} 9. exd5
{[%clk 0:20:39]} Nxd5 {[%clk 0:20:38]} 10. Nxe5 {[%clk 0:20:01]} Nxe5
{[%clk 0:20:46]} 11. Rxe5 {[%clk 0:20:10]} c6 {[%clk 0:20:55]} 12. d4
{[%clk 0:20:01]} Bd6 {[%clk 0:21:03]} 13. Rxd5 {[%clk 0:19:47]} cxd5
{[%clk 0:21:06]} 14. Nd2 {[%clk 0:18:54]} Be6 {[%clk 0:20:29]} 15. Nf3
{[%clk 0:18:55]} Rc8 {[%clk 0:19:59]} 16. Bg5 {[%clk 0:18:56]} Be7
{[%clk 0:19:54]} 17. Qd2 {[%clk 0:17:59]} f6 {[%clk 0:19:15]} 18. Bf4
{[%clk 0:16:58]} Bd6 {[%clk 0:19:22]} 19. Re1 {[%clk 0:15:33]} Re8
{[%clk 0:18:15]} 20. Rxe6 {[%clk 0:13:47]} Rxe6 {[%clk 0:18:23]} 21. Bxd5
{[%clk 0:13:56]} Qe7 {[%clk 0:18:13]} 22. Qe3 {[%clk 0:13:02]} Re8
{[%clk 0:18:20]} 23. Bxe6+ {[%clk 0:12:57]} Qxe6 {[%clk 0:18:28]} 24. Bxd6
{[%clk 0:13:04]} Qd7 {[%clk 0:17:10]} 25. Qf4 {[%clk 0:12:22]} Qe6
{[%clk 0:17:11]} 26. h3 {[%clk 0:07:38]} Qxa2 {[%clk 0:17:12]} 27. Ba3
{[%clk 0:07:39]} a5 {[%clk 0:16:12]} 28. Qd6 {[%clk 0:07:03]} Qb1+
{[%clk 0:15:36]} 29. Kh2 {[%clk 0:07:12]} Qe4 {[%clk 0:15:28]} 30. Qc5
{[%clk 0:04:49]} Qf4+ {[%clk 0:15:27]} 31. Kh1 {[%clk 0:04:51]} Qc1+
{[%clk 0:15:31]} 32. Ng1 {[%clk 0:04:51]} h6 {[%clk 0:15:12]} 33. d5
{[%clk 0:04:11]} Qf1 {[%clk 0:12:55]} 34. Kh2 {[%clk 0:03:37]} Re5
{[%clk 0:12:51]} 35. Nf3 {[%clk 0:03:33]} b4 {[%clk 0:12:13]} 36. Nxe5
{[%clk 0:02:53]} bxa3 {[%clk 0:12:14]} 37. Qc8+ {[%clk 0:01:58]} Kh7
{[%clk 0:12:21]} 38. Qf5+ {[%clk 0:02:06]} Kg8 {[%clk 0:12:26]} 39. d6
{[%clk 0:02:13]} fxe5 {[%clk 0:12:02]} 40. d7 {[%clk 0:02:17]} Qd1
{[%clk 0:12:04]} 41. bxa3 {[%clk 0:02:22]} e4 {[%clk 0:12:05]} 42. Qe6+
{[%clk 0:02:29]} Kh7 {[%clk 0:12:10]} 43. Qxe4+ {[%clk 0:02:39]} Kh8
{[%clk 0:12:09]} 44. Qe8+ {[%clk 0:02:46]} Kh7 {[%clk 0:12:15]} 45. d8=Q
{[%clk 0:02:53]} Qc2 {[%clk 0:12:17]} 46. Qf7 {[%clk 0:02:42]} 1-0

[Event "euyr2018"]
[Site "?"]
[Date "2018.05.27"]
[Round "8.24"]
[White "Kostelansky, Karol"]
[Black "Kapec, Kristian"]
[Result "1-0"]
[BlackElo "1481"]
[WhiteElo "1311"]
[LiveChessVersion "1.4.8"]

1. e4 {[%clk 0:20:17]} e5 {[%clk 0:20:17]} 2. Nf3 {[%clk 0:20:22]} Nc6
{[%clk 0:20:26]} 3. c3 {[%clk 0:20:31]} Nf6 {[%clk 0:20:23]} 4. d4
{[%clk 0:20:39]} exd4 {[%clk 0:20:30]} 5. e5 {[%clk 0:20:47]} Nd5
{[%clk 0:20:19]} 6. Qb3 {[%clk 0:20:54]} Nb6 {[%clk 0:19:49]} 7. cxd4
{[%clk 0:21:01]} Bb4+ {[%clk 0:19:54]} 8. Bd2 {[%clk 0:20:53]} Bxd2+
{[%clk 0:20:00]} 9. Nbxd2 {[%clk 0:21:00]} d6 {[%clk 0:19:50]} 10. Bb5
{[%clk 0:20:56]} O-O {[%clk 0:19:30]} 11. Bxc6 {[%clk 0:19:05]} bxc6
{[%clk 0:19:38]} 12. O-O {[%clk 0:18:58]} Be6 {[%clk 0:19:40]} 13. Qc2
{[%clk 0:17:54]} Bd7 {[%clk 0:19:01]} 14. Rac1 {[%clk 0:16:23]} f6
{[%clk 0:17:18]} 15. Qb3+ {[%clk 0:14:51]} Nd5 {[%clk 0:17:09]} 16. Rfe1
{[%clk 0:12:23]} fxe5 {[%clk 0:16:54]} 17. dxe5 {[%clk 0:12:16]} Rb8
{[%clk 0:16:41]} 18. Qc4 {[%clk 0:09:36]} Rb4 {[%clk 0:13:35]} 19. Qc2
{[%clk 0:07:31]} Be8 {[%clk 0:12:05]} 20. a3 {[%clk 0:06:24]} Rb6
{[%clk 0:11:45]} 21. Nc4 {[%clk 0:05:57]} Bg6 {[%clk 0:11:28]} 22. Qd2
{[%clk 0:04:34]} Ra6 {[%clk 0:10:06]} 23. Nd4 {[%clk 0:02:48]} Re8
{[%clk 0:07:46]} 24. exd6 {[%clk 0:02:05]} Rxe1+ {[%clk 0:07:01]} 25. Rxe1
{[%clk 0:02:08]} cxd6 {[%clk 0:07:09]} 26. Nxc6 {[%clk 0:01:57]} Qd7
{[%clk 0:06:06]} 27. Qxd5+ {[%clk 0:02:00]} Bf7 {[%clk 0:06:14]} 28. Ne7+
{[%clk 0:02:09]} Qxe7 {[%clk 0:05:52]} 29. Rxe7 {[%clk 0:01:05]} Bxd5
{[%clk 0:06:01]} 30. Ne3 {[%clk 0:01:06]} Bf7 {[%clk 0:05:16]} 31. Kf1
{[%clk 0:00:50]} Kf8 {[%clk 0:05:25]} 32. Rb7 {[%clk 0:00:48]} h6
{[%clk 0:04:33]} 33. Ke2 {[%clk 0:00:50]} Ra5 {[%clk 0:03:54]} 34. Kd3
{[%clk 0:00:27]} Ra4 {[%clk 0:03:27]} 35. Rd7 {[%clk 0:00:27]} Ra6
{[%clk 0:03:15]} 36. Kc3 {[%clk 0:00:30]} Be6 {[%clk 0:03:11]} 37. Rb7
{[%clk 0:00:36]} Ra4 {[%clk 0:02:26]} 38. Rc7 {[%clk 0:00:43]} Ra6
{[%clk 0:02:07]} 39. Kb4 {[%clk 0:00:34]} Rb6+ 40. Kc3 Rb3+ {[%clk 0:02:18]} 41.
Kc2 {[%clk 0:00:52]} Rb6 {[%clk 0:01:54]} 42. Rxa7 {[%clk 0:00:56]} Rc6+
{[%clk 0:02:03]} 43. Kd2 {[%clk 0:00:56]} Rb6 {[%clk 0:01:57]} 44. b4
{[%clk 0:01:05]} g6 {[%clk 0:01:47]} 45. Kd3 {[%clk 0:01:04]} h5 {[%clk 0:01:52]}
46. Kd4 {[%clk 0:01:09]} Rb5 {[%clk 0:01:42]} 47. Rc7 {[%clk 0:00:43]} Ke8
{[%clk 0:01:43]} 48. Kc3 {[%clk 0:00:40]} Bd7 {[%clk 0:01:40]} 49. a4
{[%clk 0:00:43]} Rb8 {[%clk 0:01:45]} 50. b5 {[%clk 0:00:46]} Kd8
{[%clk 0:01:54]} 51. Ra7 {[%clk 0:00:52]} Kc8 {[%clk 0:01:39]} 52. Nd5
{[%clk 0:00:51]} Be6 {[%clk 0:01:36]} 53. Ne7+ {[%clk 0:01:01]} Kd8
{[%clk 0:01:45]} 54. Nc6+ {[%clk 0:01:10]} Kc8 {[%clk 0:01:53]} 55. Nxb8
{[%clk 0:01:19]} Kxb8 {[%clk 0:02:02]} 56. Rg7 {[%clk 0:01:28]} Bf5
{[%clk 0:02:10]} 57. Kd4 {[%clk 0:01:35]} Bc2 {[%clk 0:02:08]} 58. a5
{[%clk 0:01:43]} Kc8 {[%clk 0:02:09]} 59. Kd5 {[%clk 0:01:50]} Ba4
{[%clk 0:02:08]} 60. b6 {[%clk 0:01:46]} Bc2 61. Kxd6 {[%clk 0:01:52]} Be4
{[%clk 0:02:18]} 62. a6 {[%clk 0:01:58]} 1-0